<?xml version="1.0" encoding="UTF-8"?>
<marc:record xmlns:marc="http://www.loc.gov/MARC21/slim">
   <marc:leader>00000nam a2200000 a 4500</marc:leader>
   <marc:datafield ind1="1" ind2=" " tag="100">
      <marc:subfield code="a">Fox, Iris</marc:subfield>
      <marc:subfield code="4">aut</marc:subfield>
      <marc:subfield code="e">Verfasser/-in</marc:subfield>
   </marc:datafield>
   <marc:datafield ind1="0" ind2="0" tag="245">
      <marc:subfield code="a">Just one dance - Lea &amp; Aidan</marc:subfield>
   </marc:datafield>
   <marc:datafield ind1="0" ind2="0" tag="245">
      <marc:subfield code="b">Roman</marc:subfield>
   </marc:datafield>
   <marc:datafield ind1="0" ind2="0" tag="245">
      <marc:subfield code="c">Iris Fox</marc:subfield>
   </marc:datafield>
   <marc:datafield ind1=" " ind2="1" tag="264">
      <marc:subfield code="a">Berlin</marc:subfield>
      <marc:subfield code="b">Forever</marc:subfield>
   </marc:datafield>
   <marc:datafield ind1=" " ind2=" " tag="250">
      <marc:subfield code="a">Originalausgabe</marc:subfield>
   </marc:datafield>
   <marc:datafield ind1="1" ind2=" " tag="520">
      <marc:subfield code="a">Angaben aus der Verlagsmeldung

Just one dance - Lea &amp; Aidan : Roman / von Iris Fox

Wenn Welten aufeinander prallen: Der Urknall der ersten großen Liebe

Lea und Aidan könnten unterschiedlicher nicht sein. Lea pendelt zwischen dem Ballettunterricht, dem Aushilfsjob und dem alkoholabhängigen Vater in ihrer kleinen Wohnung. Aidan fährt seinen Ford Granada von Party zu Party und seine ärgste Sorge ist eigentlich nur, wie er die nächste Bettgeschichte klar machen kann. Lea ist eine Außenseiterin, die heimlich für Aidan, den Player und Bad Boy schlechthin, schwärmt. Und doch scheint das Schicksal einen anderen Plan für sie zu haben. Denn nachdem er ihr eines Abends in einer gefährlichen Situation ungeahnt zur Hilfe eilt, ist nichts mehr wie vorher. Die Funken sprühen gewaltig. Aber hat ihre zarte Liebe überhaupt eine Chance?

Von Iris Fox sind bei Forever erschienen:
Love Happens - Zwei sind einer zu viel
Drei Tage Glück
Just one dance - Lea &amp; Aidan

</marc:subfield>
   </marc:datafield>
   <marc:datafield ind1=" " ind2=" " tag="020">
      <marc:subfield code="a">9783958182387</marc:subfield>
      <marc:subfield code="9">9783958182387</marc:subfield>
   </marc:datafield>
   <marc:datafield ind1=" " ind2=" " tag="020">
      <marc:subfield code="a">3958182380</marc:subfield>
      <marc:subfield code="9">3958182380</marc:subfield>
   </marc:datafield>
   <marc:datafield ind1=" " ind2=" " tag="041">
      <marc:subfield code="a">ger</marc:subfield>
   </marc:datafield>
   <marc:datafield ind1=" " ind2=" " tag="300">
      <marc:subfield code="a">255 Seiten</marc:subfield>
   </marc:datafield>
</marc:record>
